000 00730pam a2200229 a 4500
001 4488724
005 20180214034515.0
008 970402s1997 ohua b 001 0 eng
010 _a 97015183
020 _a0538871636 (pbk.)
040 _aDLC
_cDLC
_dDLC
041 _aeng
080 _a808.06665 ELE
082 0 0 _a808.06665 ELE
_221
100 1 _a60
101 _aBUS
245 1 0 _aEssentials of business communication /
_cMary Ellen Guffey.
504 _aIncludes bibliographical references (p. 421-424) and index.
906 _a7
_bcbc
_corignew
_d1
_eocip
_f19
_gy-gencatlg
942 _2ddc
_cBK
999 _c42461
_d42461